Guía de la Secretaria / (Registro nro. 19369)
[ vista simple ]
| 000 -CABECERA | |
|---|---|
| campo de control de longitud fija | 00548nam a2200193 a 4500 |
| 001 - NÚMERO DE CONTROL | |
| campo de control | 000019856 |
| 005 - FECHA Y HORA DE LA ÚLTIMA TRANSACCIÓN | |
| campo de control | 20200929170151.0 |
| 008 - DATOS DE LONGITUD FIJA--INFORMACIÓN GENERAL | |
| campo de control de longitud fija | 100708s1968 sp ad r 000 0 spa d |
| 040 ## - FUENTE DE LA CATALOGACIÓN | |
| Centro catalogador/agencia de origen | DO-SdBNP |
| Lengua de catalogación | spa |
| Centro/agencia transcriptor | BNPHU |
| 082 ## - NÚMERO DE LA CLASIFICACIÓN DECIMAL DEWEY | |
| Número de clasificación | xxx |
| Número de documento/Ítem | B825 |
| 049 ## - FONDOS LOCALES (OCLC) | |
| Fondos de biblioteca | BNGR |
| 100 1# - ENTRADA PRINCIPAL--NOMBRE DE PERSONA | |
| Nombre de persona | Brauman, A. |
| 9 (RLIN) | 42374 |
| 240 10 - TÍTULO UNIFORME | |
| Título uniforme | Guide de la secretaire |
| 245 10 - MENCIÓN DE TÍTULO | |
| Título | Guía de la Secretaria / |
| Mención de responsabilidad, etc. | A. Brauman. |
| 250 ## - MENCIÓN DE EDICIÓN | |
| Mención de edición | 4a ed. |
| 260 ## - PUBLICACIÓN, DISTRIBUCIÓN, ETC. | |
| Lugar de publicación, distribución, etc. | Barcelona : |
| Nombre del editor, distribuidor, etc. | Editorial Francisco Casanovas, |
| Fecha de publicación, distribución, etc. | 1968. |
| 300 ## - DESCRIPCIÓN FÍSICA | |
| Extensión | 88 p. ; : |
| Otras características físicas | il., diag. ; |
| Dimensiones | 21 cm. |
| 534 ## - NOTA SOBRE LA VERSIÓN ORIGINAL | |
| Encabezamiento principal del original | Guide de la secretaire |
| Estado de retiro | Estado de pérdida | Restricciones de uso | No para préstamo | Código de colección | Localización permanente | Ubicación/localización actual | Ubicación en estantería | Fecha de adquisición | Número de inventario | Total de préstamos | Signatura topográfica completa | Código de barras | Fecha visto por última vez | Precio válido a partir de | Tipo de ítem Koha |
|---|---|---|---|---|---|---|---|---|---|---|---|---|---|---|---|
| Monografías: Libros y Folletos | General | General | En catalogación | 08.07.2010 | LF1 | xxx B825 | 19856-10 | 25.06.2020 | 25.06.2020 | Préstamo en sala |
